| 000 | 01275nam a22002897a 4500 | ||
|---|---|---|---|
| 001 | 9802 | ||
| 003 | FISKH | ||
| 005 | 20260305151113.0 | ||
| 008 | 260226b cb ||||| |||| 00| 0 eng d | ||
| 020 | _a9781338233179 | ||
| 040 |
_aFISKH _beng _cFISKH _dFISKH |
||
| 050 | _aNC1429 .H7548 | ||
| 082 | _a741.5 | ||
| 100 |
_aHolm, Jennifer L. _eAuthor |
||
| 245 |
_aSunny makes a splash / _cJennifer L. Holm & Matthew Holm with color by Lark Pien |
||
| 260 |
_aNew York : _bScholastic , _c2021 |
||
| 300 |
_a218 pages : _bcolor illustrations ; _c21 cm |
||
| 490 |
_aSunny Lewin _v4 |
||
| 505 | _aJ | ||
| 520 | _aIt's summer and Sunny is bored. Most of her friends are out of town. Her mom wants her to babysit way more than Sunny wants to babysit. There's nothing good on TV. The only cool place that's cool is the community pool. Sunny loves going there - and loves it even more when she's offered a job at the snack shack. Soon she's flinging fries and serving frozen ice cream treats - with the assistance of the very sweet boy who works with her. Life is best when it's free swim. | ||
| 521 | 8 |
_a500
_bLexile GN |
|
| 521 | 8 |
_aJ
_bRaz-Plus |
|
| 650 |
_aGraphic novel _vChildren |
||
| 700 |
_aPien, Lark _eIllustrator |
||
| 942 |
_2ddc _cBK _n0 |
||
| 999 |
_c9802 _d9802 |
||